000 00750nam a2200205 i 4500
001 28280
003 ES-MaACL
005 20250815112559.0
007 t|
008 030116s1953 sp ||||1| spa d
100 1 _aBaldwin, Ernest.
_924908
245 1 0 _aIntroducción a la bioquímica comparada /
_cErnest Baldwin ; con un prefacio de Frederick Gowland Hopkins ; versión española de la 3ª edición inglesa por Mercedes Gª. Aráez.
260 _aMadrid :
_bAguilar,
_c[1953] (
_fE. Sánchez Leal)
300 _aXX, 171 p. ;
_c19 cm.
650 0 7 _aBioquímica
_2embne
_9136796
700 1 _aGarcia Aráez, Mercedes.
_9152404
700 1 _aHopkins, Frederick Gowland.
_9152405
852 _aES-MaACL
_jD-8295
_bR.33999
999 _c28280
_d28280